The law on income taxation: (Record no. 10324)

MARC details
000 -LEADER
fixed length control field 00761nam a22002297a 4500
003 - CONTROL NUMBER IDENTIFIER
control field OSt
005 - DATE AND TIME OF LATEST TRANSACTION
control field 20260508061453.0
008 - FIXED-LENGTH DATA ELEMENTS--GENERAL INFORMATION
fixed length control field 260508b |||||||| |||| 00| 0 eng d
020 ## - INTERNATIONAL STANDARD BOOK NUMBER
International Standard Book Number 971-23-3059-1.
040 ## - CATALOGING SOURCE
Original cataloging agency DWCL Main Lib.
Transcribing agency OC
082 ## - DEWEY DECIMAL CLASSIFICATION NUMBER
Edition number 11th ed.
Classification number 336.24 T314l 2001
100 ## - MAIN ENTRY--PERSONAL NAME
Personal name Teodoro, Benjamin D., B.S.C. CPA, LL.B.
245 ## - TITLE STATEMENT
Title The law on income taxation:
Remainder of title with illustrations, problems, and solutions/
Statement of responsibility, etc. Benjamin D. Teodoro, B.S.C. CPA, LL.B.
250 ## - EDITION STATEMENT
Edition statement 11th ed.
260 ## - PUBLICATION, DISTRIBUTION, ETC.
Place of publication, distribution, etc. Manila:
Name of publisher, distributor, etc. Rex Book Store,
Date of publication, distribution, etc. c2001.
300 ## - PHYSICAL DESCRIPTION
Extent xxiv, 668 p. ;
Dimensions 23 cm.
504 ## - BIBLIOGRAPHY, ETC. NOTE
Bibliography, etc. note Includes appendices.
650 ## - SUBJECT ADDED ENTRY--TOPICAL TERM
Topical term or geographic name entry element Taxation - Law.
700 ## - ADDED ENTRY--PERSONAL NAME
Personal name Hector S. De Leon LL.B.
760 ## - MAIN SERIES ENTRY
Edition 11th ed.
942 ## - ADDED ENTRY ELEMENTS (KOHA)
Source of classification or shelving scheme Dewey Decimal Classification
Koha item type Book-Filipiniana
Edition 11th ed.
Classification part Fil.
Suppress in OPAC No
952 ## - LOCATION AND ITEM INFORMATION (KOHA)
--
Holdings
Withdrawn status Lost status Source of classification or shelving scheme Damaged status Not for loan Home library Current library Shelving location Date acquired Source of acquisition Total Checkouts Full call number Barcode Date last seen Copy number Price effective from Koha item type Uniform Resource Identifier
    Dewey Decimal Classification     College Library College Library Filipiniana 07/30/2003 School Fund   Fil. 336.24 T314l 2001 CL38771 05/08/2026 c1 05/08/2026 BK - FIL